The Constitution of the United States of America as amended to December 1, 1924 (annotated) with citations to the cases of the Supreme Court of the United States construing its several provisions collated under each provision.

Bibliographic Details
Corporate Author: ProQuest (Firm)
Format: eBook
Language:English
Published: Washington : [publisher not identified], 1924.
Series:United States congressional serial set.
Subjects:
Online Access:Connect to the full text of this electronic book

MARC

Tag First Indicator Second Indicator Subfields
LEADER 00000cam a22000001a 4500
001 in00003113321
005 20190402192825.0
006 m o d
007 cr un mmmapmmp
008 071013s1924 dcu o f000 0 eng d
035 |a cis2004165449 
040 |a UMI  |c UMI  |d UtOrBLW 
043 |a n-us--- 
099 |a ProQuest Serial Set Number 8250 S.doc.154 
245 0 4 |a The Constitution of the United States of America as amended to December 1, 1924 (annotated) with citations to the cases of the Supreme Court of the United States construing its several provisions collated under each provision. 
246 1 |a Constitution of U.S. as amended to December 1, 1924 (annotated) 
264 1 |a Washington :  |b [publisher not identified],  |c 1924. 
300 |a 1 online resource. 
336 |a text  |b txt  |2 rdacontent 
337 |a computer  |b c  |2 rdamedia 
338 |a online resource  |b cr  |2 rdacarrier 
490 0 |a S.doc.154 
500 |a Record is based on bibliographic data in ProQuest U.S. Serial Set Digital Collection (last viewed Oct. 2007). Reuse except for individual research requires license from ProQuest, LLC. 
510 3 |a ProQuest U.S. Serial Set Digital Collection 
500 |a Electronic resource. 
610 1 0 |a United States.  |t Constitution. 
650 0 |a Constitutional amendments. 
650 0 |a Constitutional law. 
655 7 |a Electronic books.  |2 local 
710 2 |a ProQuest (Firm) 
830 0 |a United States congressional serial set. 
856 4 0 |u http://proxy.library.tamu.edu/login?url=http://congressional.proquest.com/congcomp/getdoc?SERIAL-SET-ID=8250+S.doc.154  |z Connect to the full text of this electronic book  |t 0 
999 |a MARS 
999 f f |s 44060fd9-b5cd-3c23-9894-4ae42c6ef2b8  |i 48cf35b5-267e-3f97-b6e7-1128cd24377d  |t 0 
952 f f |a Texas A&M University  |b College Station  |c Electronic Resources  |d Available Online  |t 0  |e ProQuest Serial Set Number 8250 S.doc.154  |h Other scheme 
998 f f |a ProQuest Serial Set Number 8250 S.doc.154  |t 0  |l Available Online